000 00326nam a22001337a 4500
003 OSt
008 250303b |||||||| |||| 00| 0 eng d
100 _aRAJAT
245 _aTechnology & its impact on....
260 _aNew Delhi,
_bNaples Indian:
_c2024.
300 _a351p.
650 _aFaculty Publication
942 _2ddc
_cBK
999 _c13173
_d13173